UK Election Losers - Statistics

General Stats
  • This quiz has been taken 33 times
  • The average score is 32 of 75
Answer Stats
Party Year Answer % Correct
Conservative 2024 Rishi Sunak
100%
Labour 2010 Gordon Brown
96%
Labour 1970 Harold Wilson
93%
Conservative 1950 Winston Churchill
93%
Conservative 1945 Winston Churchill
93%
Labour 1955 Clement Attlee
89%
Labour 1951 Clement Attlee
89%
Labour 1935 Clement Attlee
89%
Conservative 1974 Edward Heath
89%
Conservative 1974 Edward Heath
89%
Conservative 1966 Edward Heath
89%
Labour 2019 Jeremy Corbyn
89%
Labour 2017 Jeremy Corbyn
89%
Conservative 1997 John Major
89%
Labour 2015 Ed Miliband
81%
Labour 1979 James Callaghan
81%
Conservative 1964 Alec Douglas-Home
78%
Labour 1983 Michael Foot
78%
Labour 1924 Ramsay Macdonald
74%
Labour 1923 Ramsay Macdonald
74%
Labour 1992 Neil Kinnock
70%
Labour 1987 Neil Kinnock
70%
Conservative 1880 Benjamin Disraeli
67%
Conservative 1868 Benjamin Disraeli
67%
Conservative 1837 Robert Peel
67%
Conservative 1835 Robert Peel
67%
Liberal 1886 William E. Gladstone
67%
Liberal 1874 William E. Gladstone
67%
Conservative 2001 William Hague
67%
Conservative 2005 Michael Howard
63%
Conservative 1929 Stanley Baldwin
59%
Tory 1832 Arthur Wellesley
52%
Tory 1831 Arthur Wellesley
52%
Liberal 1900 Henry Campbell-Bannerman
44%
Labour 1959 Hugh Gaitskell
44%
Conservative 1910 Arthur Balfour
41%
Conservative 1910 Arthur Balfour
41%
Conservative 1906 Arthur Balfour
41%
Labour 1931 Arthur Henderson
30%
Whig 1820 Charles Grey
26%
Whig 1818 Charles Grey
26%
Whig 1802 Charles J. Fox
26%
Foxite 1796 Charles J. Fox
26%
Foxite 1790 Charles J. Fox
26%
Foxite 1784 Charles J. Fox
26%
Conservative 1892 Robert Gascoyne-Cecil
19%
Conservative 1885 Robert Gascoyne-Cecil
19%
Whig 1852 John Russell
15%
Liberal 1895 Archibald Primrose
11%
Tory 1734 Henry St John
11%
Tory 1727 Henry St John
11%
Tory 1715 Henry St John
11%
Conservative 1865 Edward Smith-Stanley
7%
Conservative 1859 Edward Smith-Stanley
7%
Conservative 1857 Edward Smith-Stanley
7%
Conservative 1847 Edward Smith-Stanley
7%
Labour 1922 J.R.Clynes
7%
Labour 1918 William Adamson
7%
Whig 1812 William Grenville
7%
Whig 1841 William Lamb
7%
Whig 1830 Henry Petty-Fitzmaurice
4%
Whig 1826 Henry Petty-Fitzmaurice
4%
Whig 1713 John Somers
4%
Whig 1710 John Somers
4%
Tory 1708 Sidney Godolphin
4%
Tory 1806 William Cavendish-Bentinck
4%
Whig 1807 William Grenville
4%
Tory 1761 Edmund Isham
0%
Tory 1754 Edmund Isham
0%
Rockinghamite 1780 Henry S. Conway
0%
Tory 1747 Watkin Williams-Wynn
0%
Tory 1741 Watkin Williams-Wynn
0%
Rockinghamite 1774 William Dowdswell
0%
Rockinghamite 1768 William Dowdswell
0%
Tory 1722 William Wyndham
0%
No matching quizzes found
Score Distribution
Percent of People with Each Score
Percentile by Number Answered
Your Score History
You have not taken this quiz